An Introduction to English Language: Word, Sound and Sentence (Record no. 1701050)

MARC details
000 -LEADER
fixed length control field 00357 a2200133 4500
000 - LEADER
fixed length control field nam a22 7a 4500
005 - DATE AND TIME OF LATEST TRANSACTION
control field 20260306151812.0
020 ## - INTERNATIONAL STANDARD BOOK NUMBER
International Standard Book Number 9781350380127
100 ## - MAIN ENTRY--PERSONAL NAME
Personal name Koenraad Kuiper
9 (RLIN) 1124039
245 ## - TITLE STATEMENT
Title An Introduction to English Language: Word, Sound and Sentence
250 ## - EDITION STATEMENT
Edition statement 5th
260 ## - PUBLICATION, DISTRIBUTION, ETC.
Name of publisher, distributor, etc. Bloomsbury Academic
Date of publication, distribution, etc. 2024
942 ## - ADDED ENTRY ELEMENTS (KOHA)
Koha item type Textual
Holdings
Withdrawn status Lost status Source of classification or shelving scheme Damaged status Not for loan Home library Current library Date acquired Source of acquisition Cost, normal purchase price Inventory number Total Checkouts Barcode Date last seen Cost, replacement price Price effective from Koha item type
    Colon Classification (CC)   Ordered South Campus Library South Campus Library 2026-03-06 109 2819.22 102 & 30/12/2025   SC1692017 2026-03-06 3524.02 2026-03-06 Textual
Copyright @ Delhi University Library System